000 00634nam a2200229Ia 4500
003 OSt
005 20220927105433.0
006 a|||||r|||| 00| 0
007 ta
008 220926b |||||||| |||| 00| 0 eng d
024 _a173043
037 _cReference Collections
040 _aRTL
_cRTL
_beng
041 _2eng
_aeng
082 _a"V2,32p.N95, N5.45-6"
245 0 _aLok sabha debates
_b Fifteenth session.
260 _aNew
_bDelhi Lok Sabha Secretariat.
_c1995
300 _a287p.
_ccm.
490 _aTenth series
942 _h"V2,32p.N95, N5.45-6"
_cCC
999 _c692571
_d692571